LEADER 03157oam 2200469 450 001 9910483894003321 005 20210414174851.0 010 $a3-030-53230-5 024 7 $a10.1007/978-3-030-53230-7 035 $a(CKB)4100000011513425 035 $a(DE-He213)978-3-030-53230-7 035 $a(MiAaPQ)EBC6381054 035 $a(PPN)260306169 035 $a(EXLCZ)994100000011513425 100 $a20210414d2021 uy 0 101 0 $aeng 135 $aurnn|008mamaa 181 $ctxt$2rdacontent 182 $cc$2rdamedia 183 $acr$2rdacarrier 200 00$aDog parasites endangering human health /$fChristina Strube, Heinz Mehlhorn, editors 205 $a1st ed. 2021. 210 1$aCham, Switzerland :$cSpringer,$d[2021] 210 4$d©2021 215 $a1 online resource (IX, 291 p. 83 illus., 80 illus. in color.) 225 1 $aParasitology Research Monographs,$x2192-3671 ;$v13 311 $a3-030-53229-1 327 $aChapter 1: Introduction -- Chapter 2: The zoonotic dog roundworm Toxocaracanis, a worldwide burden of public health -- Chapter 3: Canine leishmaniasis -- Chapter 4: The Challenges with Canine Giardia -- Chapter 5: Dogs and their role in the eco-epidemiology of Chagas disease -- Chapter 6: Echinococcus species ? tiny tapeworms -- Chapter 7: An update on the status of hydatidosis/echinococcosis in domestic animals, wildlife and humans in Australia -- Chapter 8: Dipylidiumcaninum -- Chapter 9: Ancylostoma caninum and other canine hookworms -- Chapter 10: Strongyloidiasis - really a zoonosis? -- Chapter 11: Dirofilaria spp. Do they get under your skin (or into your heart)? -- Chapter 12: Guinea worm infection in dogs: a case of reverse zoonosis that impedes Dracunculusmedinensiseradication -- Chapter 13: Ticks, dogs and humans ? an endangered community -- Chapter 14: Trematodes attacking dogs and humans. 330 $aThis book presents the latest information on canine parasites with zoonotic potential, to help avoid human infections. Compiled by international specialists, it covers protozoa, ectoparasites and helminth species of clinical importance in dogs, as well as the state of the art in diagnosis, preventive measures and potentially necessary treatment schemes. Dogs are commonly kept in families around the world and can predispose their human companions to disease. Updating and deepening insights from other specialist literature, the book is intended for practitioners and scientists alike. It also offers practical guidance for veterinary and human physicians and highlights unexplored research areas, making it a valuable resource for students and educated non-experts with an interest in parasitology, infectiology and zoonotic pet diseases. 410 0$aParasitology Research Monographs,$x2192-3671 ;$v13 606 $aDogs$xParasites 615 0$aDogs$xParasites. 676 $a636.7089696 702 $aStrube$b Christina 702 $aMehlhorn$b Heinz 801 0$bMiAaPQ 801 1$bMiAaPQ 801 2$bUtOrBLW 906 $aBOOK 912 $a9910483894003321 996 $aDog parasites endangering human health$92803928 997 $aUNINA